000 00335cam a22001097a 4500
008 180718b1981 xxu||||| |||| 00| 0 eng d
082 _aO065x54 In2/1951-1961
100 _aJain, S. P.
245 _aActuarial report and life tables 1951-1961
_cby S. P. Jain
260 _aNew Delhi
_bMinistry of Home Affiars, India
_c1981
300 _a56p.
999 _c493975
_d493975